Závažné priemyselné havárie: metódy pre posúdenie rizík /

Gespeichert in:
Bibliographische Detailangaben
Hauptverfasser: Oravec, Miroslav (Verfasst von), Vargová, Slavomíra (Verfasst von), Glatz, Juraj (Verfasst von)
Format: Buch
Sprache:Slowakisch
Veröffentlicht: Košice TU v Košiciach 2014
Ausgabe:1. vyd.
Schriftenreihe:Edícia študijnej literatúry
Schlagworte:
Tags: Tag hinzufügen
Keine Tags, Fügen Sie das erste Tag hinzu!

MARC

LEADER 00000nam a22000003a 4500
001 0004682
003 SK-STU
005 20150617230331.4
007 ta
008 150515s ----xo-----e------000-0-----d
020 |a 978-80-553-1932-2 
040 |a STU  |b slo 
041 0 |a slo 
044 |a xo 
100 1 |a Oravec, Miroslav  |r ZD  |4 aut 
245 1 0 |a Závažné priemyselné havárie:  |b metódy pre posúdenie rizík /  |c aut. Miroslav Oravec, Slavomíra Vargová, Juraj Glatz 
250 |a 1. vyd. 
260 |a Košice  |b TU v Košiciach  |c 2014 
300 |a 173 s. 
490 0 |a Edícia študijnej literatúry 
650 0 7 |a priemyselné havárie 
700 1 |a Vargová, Slavomíra  |r Z5  |4 aut 
700 1 |a Glatz, Juraj  |4 aut 
996 |b 284M086429  |c M* S-1633-1  |l MMST  |s A  |a 24  |w 0004682_0001 
996 |b 284M086430  |c M* S-1633-2  |l MMKN  |s A  |a 24  |w 0004682_0002 
996 |b 284M086431  |c M* S-1633-3  |l MMKN  |s A  |a 24  |w 0004682_0003